Визнання недійсним правочину як спосіб захисту цивільних прав та інтересів за законодавством України (Запис № 458839)
[ простий вигляд ]
| 000 -Лідер | |
|---|---|
| fixed length control field | 03276nam a22002657a 4500 |
| 001 - Контрольний номер | |
| control field | 5150530 |
| 003 - Ідентифікатор контрольного номера | |
| control field | UA-OsUOA |
| 005 - Дата та час останнього входження (трансакції) | |
| control field | 20201109135105.0 |
| 008 - Елементи даних фіксованої довжини – загальна інформація | |
| fixed length control field | 200413b un ||||| m||| 00| 0 ukr d |
| 040 ## - Джерело каталогізації | |
| Агенція оригінальної каталогізації | UA-OsUOA |
| Мова каталогізації | ukr |
| Агенція, яка здійснювала перезапис | UA-OsUOA |
| Агенція, яка здійснювала модифікацію | UA-OsUOA |
| 041 ## - Код мови | |
| Код мови тексту/ звукової доріжки чи окремого заголовка (П) | ukr |
| 080 ## - Індекс Універсальної десяткової класифікації | |
| Індекс Універсальної десяткової класифікації (УДК) (НП) | 347.132:347.9 |
| 090 ## - Локальний шифр розміщення | |
| Класифікаційний індекс УДК | 347.132:347.9 |
| 095 ## - Код спеціальності для авторефератів | |
| Код спеціальності | 12.00.03 |
| Назва спеціальності | цивільне право і цивільний процес; сімейне право; міжнародне приватне прав |
| 100 ## - Основне введення – ім’я особи | |
| Ім’я особи (НП) | Іванова С. М. |
| 245 ## - Відомості про назву | |
| Назва (НП) | Визнання недійсним правочину як спосіб захисту цивільних прав та інтересів за законодавством України |
| Дані про відповідальність (НП) | Іванова Світлана Миколаївна ; наук. керівник Гриняк Андрій Богданович |
| 260 ## - Публікація, розповсюдження і т.п. (Вихідні дані) | |
| Місце публікації, розповсюдження і т.п. (П) | Київ |
| Дата публікації, розповсюдження і т.п. (П) | 2014 |
| 300 ## - Фізичний опис | |
| Обсяг | 20 с. |
| 502 ## - Примітка про дисертацію | |
| Зв'язок | Автореферат дисертації на здобуття наукового ступеня кандидата юридичних наук<br/> |
| Наймення інституції, що представляється | Науково-дослідний інститут приватного права і підприємництва імені академіка Ф. Г. Бурчака |
| Рік отримання вченого ступеня | 2014 |
| 520 ## - Резюме і т.п. | |
| Резюме, реферат, анотація, тощо (НП) | У дослідженні здійснено загальнотеоретичну характеристику усіх способів захисту цивільних прав та інтересів за законодавством України, що дозволило визначити правову характеристику в їх системній єдності такого способу захисту як визнання правочину недійсним та застосування наслідків його недійсності. На основі доктринального осмислення інституту визнання правочину недійсним та застосування наслідків його недійсності визначено особливості їх застосування щодо захисту законних інтересів.<br/>Доведено, що в дослідженнях правової природи недійсних правочинів акценти повинні бути перенесені із поняття недійсності правочину на правову природу визнання правочину недійсним як способу захисту цивільних прав та інтересів в системному зв’язку із застосуванням наслідків недійсності правочину. З’ясовано специфіку правових підстав нікчемності та оспорюваності правочину на основі чого запропоновано здійснювати їх розмежування за критерієм інтересу. |
| 650 ## - Додаткове предметне введення – тематичний термін | |
| Джерело заголовка чи терміна | UDC |
| Тематичний термін чи географічна назва, як елемент введення (НП) | 347 Цивільне право |
| 942 ## - Додаткові елементи входу (Коха) | |
| Source of classification or shelving scheme | Universal Decimal Classification |
| Тип елемента Koha | Автореферат |
| 955 ## - Код типу видання за змістом | |
| Код типу видання за змістом (НП) | Наукові видання |
Немає доступних примірників.